U.S Presidents in Office During War - Statistics

General Stats
  • This quiz has been taken 72 times
  • The average score is 16 of 20
Answer Stats
War Answer % Correct
American Revolutionary War George Washington
97%
American Civil War Abraham Lincoln
94%
World War II Franklin D. Roosevelt
94%
World War II Harry S. Truman
90%
War in Afghanistan George W. Bush
89%
Iraq War George W. Bush
87%
Vietnam War John F. Kennedy
87%
Vietnam War Lyndon B. Johnson
87%
Vietnam War Gerald Ford
86%
Vietnam War Richard Nixon
86%
Iraq War Barack Obama
84%
World War I Woodrow Wilson
84%
War in Afghanistan Barack Obama
81%
War in Afghanistan Donald Trump
81%
Korean War Harry S. Truman
79%
War of 1812 James Madison
71%
Spanish–American War William McKinley
62%
Mexican–American War James K. Polk
54%
Philippine–American War Theodore Roosevelt
49%
Philippine–American War William McKinley
44%
No matching quizzes found
Score Distribution
Percent of People with Each Score
Percentile by Number Answered
Your Score History
You have not taken this quiz